Blink (Record no. 325354)
[ view plain ]
| 000 -LEADER | |
|---|---|
| fixed length control field | 00470nam a2200169Ia 4500 |
| 008 - FIXED-LENGTH DATA ELEMENTS--GENERAL INFORMATION | |
| fixed length control field | 230718s9999 xx 000 0 und d |
| 020 ## - INTERNATIONAL STANDARD BOOK NUMBER | |
| International Standard Book Number | 9780141014593 |
| 041 ## - LANGUAGE CODE | |
| Language code of text/sound track or separate title | eng |
| 082 ## - DEWEY DECIMAL CLASSIFICATION NUMBER | |
| Classification number | 153.4'4 |
| Item number | GLA |
| 100 ## - MAIN ENTRY--PERSONAL NAME | |
| Personal name | Gladwell M. |
| 9 (RLIN) | 118163 |
| 245 ## - TITLE STATEMENT | |
| Title | Blink |
| Remainder of title | The Power Of Thinking Without Thinking |
| 260 ## - PUBLICATION, DISTRIBUTION, ETC. (IMPRINT) | |
| Date of publication, distribution, etc. | 2006 |
| Name of publisher, distributor, etc. | Penguin Books |
| 300 ## - PHYSICAL DESCRIPTION | |
| Extent | 296 |
| 365 ## - TRADE PRICE | |
| Currency code | Rs. |
| Price amount | 299.00 |
| 700 ## - ADDED ENTRY--PERSONAL NAME | |
| Personal name | Gladwell M. |
| 9 (RLIN) | 118163 |
| 906 ## - LOCAL DATA ELEMENT F, LDF (RLIN) | |
| d | O:0095022-Jul-2010B:464613-Jul-2010 |
| c | IT |
| b | 478.4 |
| Withdrawn status | Lost status | Damaged status | Not for loan | Home library | Current library | Date acquired | Vendor | Budget Code | Cost, normal purchase price | Bill number | Total Checkouts | Full call number | Barcode | Date last seen | Date last checked out | Discount | Cost, replacement price | Bill Date | Koha item type | Original Barcode |
|---|---|---|---|---|---|---|---|---|---|---|---|---|---|---|---|---|---|---|---|---|
| Cummins College of Engineering for Women Pune | Cummins College of Engineering for Women Pune | 22/07/2010 | Tbs | IT | 239.20 | 4646 | 2 | 153.4'4 | CCEP-BK-36561 | 27/01/2025 | 13/01/2025 | 478.4 | 299.00 | 13/07/2010 | Books | 036561 |